Score 0/55 Timer 07:00
11 Plays Today
% Correct
Bush
94.3%
Reagan
92.3%
Trump
91.1%
Hillary
89.7%
Michelle
89.6%
Commerce
89.1%
Agriculture
89%
Nancy
88.7%
Defense
88.6%
Melania
88.5%
Transportation
87.4%
Interior
87%
Lincoln
86.6%
Ford
85.3%
Cheney
84.8%
Justice
84.7%
Executive
84.4%
Labor
84.1%
Rosalynn
83.2%
Coolidge
81.2%
McKinley
80.2%
Malia
80%
Florence
80%
Mamie
79.4%
Dolley
79.1%
Grant
78.6%
Virginia
78.5%
State
78.4%
% Correct
Jenna
77.7%
Agnew
77.4%
Louisiana
77.1%
Pennsylvania
77%
Colorado
75.5%
Utah
75.1%
Bo
75%
Rhode Island
74.6%
Burr
74.2%
Illinois
74%
Mondale
73.4%
Taft
73.3%
Hawaii
72.7%
Taylor
72.2%
Hayes
72.1%
Wisconsin
71.5%
Texas
70.5%
Tyler
69.8%
Marshall
67.9%
Ohio
67.3%
Fillmore
67.2%
Vermont
61.4%
W.H. Harrison
60.1%
King
56.1%
Lou
50.7%
Fala
43.9%
Kermit
37.5%
Remove Ads.
Support Sporcle.
Get the best of Sporcle when you Go Orange. This ad-free experience offers more features, more stats, and more fun while also helping to support Sporcle. Thank you for becoming a member.

You're not logged in!

Compare scores with friends on all Sporcle quizzes.
OR
Log In

Show Comments

Extras

Top Quizzes Today


Score Distribution

Your Account Isn't Verified!

In order to create a playlist on Sporcle, you need to verify the email address you used during registration. Go to your Sporcle Settings to finish the process.

Report this User

Report this user for behavior that violates our Community Guidelines.

Details: